000 00857nam a2200193 i 4500
001 26851
003 ES-MaACL
005 20230906153519.0
007 t|
008 030110s1883 sp ||||1| spa d
245 0 3 _aLa autonomía colonial
_b: artículos de la "Tribuna" de Madrius y "El Triunfo" de la Habana con el voto del Sr. Duque de la Torre, el decreto del Sr. Moret sobre el régimen provincial de Puerto-Rico y el dictámen de los Comisionados de Cuba y Puerto-Rico en 1865.
260 _aMadrid :
_b[s.n.,
_c1883] (
_fAurelio J. Alaria)
300 _a32 p. ;
_c16 cm.
530 _aDisponible en formato digital.
651 4 _aCuba-
_xAdministración.
_9148085
651 4 _aPuerto Rico-
_xAdministración.
_9157188
852 _aES-MaACL
_jT-410-F-9
856 _uhttp://bdh-rd.bne.es/viewer.vm?id=0000084706&page=1
_zBiblioteca Digital Hispánica
999 _c26851
_d26851